Fighters : the world's great aces and their planes /

Bibliographic Details
Main Author: Park, Edwards
Format: Book
Language:English
Published: Charlottesville, Va. : Thomasson-Grant, [1990]
Subjects:

MARC

Tag First Indicator Second Indicator Subfields
LEADER 00000cam a2200000 a 4500
001 in00001403327
005 20151020055455.0
008 900521s1990 vauaf 000 0deng
010 |a  90011093  
020 |a 0934738653 :  |c $39.95 
035 |a (OCoLC)21761343 
035 |9 AHN4562AM 
040 |a DLC  |c DLC  |d TXA  |d UtOrBLW 
049 |a TXAM 
050 0 0 |a UG700  |b .P37 1990 
082 0 0 |a 358.4/14/09  |2 20 
100 1 |a Park, Edwards. 
245 1 0 |a Fighters :  |b the world's great aces and their planes /  |c text by Edwards Park. 
264 1 |a Charlottesville, Va. :  |b Thomasson-Grant,  |c [1990] 
264 4 |c ©1990 
300 |a 226 pages, 2 unnumbered pages of plates :  |b illustrations (some color) ;  |c 29 cm. 
336 |a text  |b txt  |2 rdacontent 
337 |a unmediated  |b n  |2 rdamedia 
338 |a volume  |b nc  |2 rdacarrier 
650 0 |a Fighter plane combat  |x History. 
650 0 |a Fighter planes  |x History. 
650 0 |a Military history, Modern  |y 20th century. 
650 0 |a Fighter pilots  |x History. 
999 |a MARS 
999 f f |s 84ec0599-eb41-3ea4-bbea-084227da5e90  |i 83646ff4-0b2c-3d1c-be83-ef80aec2ac04  |t 0 
952 f f |p noncirc  |a Texas A&M University  |b College Station  |c Cushing Memorial Library & Archives  |d Cushing: Ragan Military (Does not check out)  |t 0  |e UG700 .P37 1990  |h Library of Congress classification  |i unmediated -- volume 
998 f f |a UG700 .P37 1990  |t 0  |l Cushing: Ragan Military (Does not check out)